000
00291nam a2200109Ia 4500
008
230320s9999||||xx |||||||||||||| ||spa||
082
_a
410/G82
100
_a
Griffin, Kim
245
0
_a
Lingüística Aplicada A La Enseñanza Del Español Como 2 / L
260
_b
Arco libros
942
_8
0
_c
LIB
999
_c
45824
_d
45824